Principles of photochemistry (Record no. 30847)

MARC details
000 -LEADER
fixed length control field 00541nam a2200205Ia 4500
082 ## - DEWEY DECIMAL CLASSIFICATION NUMBER
Classification number 541.14
Item number SUP
100 ## - MAIN ENTRY--AUTHOR NAME
Personal name SUPPAN, P
245 #0 - TITLE STATEMENT
Title Principles of photochemistry
260 ## - PUBLICATION, DISTRIBUTION, ETC. (IMPRINT)
Place of publication London
Name of publisher Chemical Society
Year of publication 1972
490 ## - SERIES STATEMENT
Series statement Monographs for teachers. 22
650 ## - SUBJECT ADDED ENTRY--TOPICAL TERM
Topical Term Flash photolysis
650 ## - SUBJECT ADDED ENTRY--TOPICAL TERM
Topical Term Irradiation
650 ## - SUBJECT ADDED ENTRY--TOPICAL TERM
Topical Term Laboratory technique
650 ## - SUBJECT ADDED ENTRY--TOPICAL TERM
Topical Term Molecule
650 ## - SUBJECT ADDED ENTRY--TOPICAL TERM
Topical Term Photochemical reaction
650 ## - SUBJECT ADDED ENTRY--TOPICAL TERM
Topical Term Photochemistry
650 ## - SUBJECT ADDED ENTRY--TOPICAL TERM
Topical Term Photosynthesis
942 ## - ADDED ENTRY ELEMENTS (KOHA)
Koha item type Books
Holdings
Withdrawn status Lost status Damaged status Not for loan Home library Current library Date acquired Full call number Accession Number Koha item type
        RRII Library RRII Library 16/12/2021 541.14 SUP 11406 Books